000 00597nam a2200229Ia 4500
003 OSt
005 20221007080654.0
006 a|||||r|||| 00| 0
007 ta
008 221006b |||||||| |||| 00| 0 eng d
024 _a13,166
037 _cTextual
040 _aFLL
_cFLL
_beng
041 _2eng
_aeng
082 _aV5:1:N5, J4
100 _aBlack C.E.
245 0 _aChallenge in Eastern Europe
260 _aNew Jersey
_b Rutgers University Press New
_c1954
300 _axv,276p
_ccm.
942 _hV5:1:N5, J4
_cTEXL
_2CC
999 _c1160490
_d1160490